|
|
|
|
| LEADER |
01185nam a22002897a 4500 |
| 001 |
41044 |
| 003 |
BD-DhAAL |
| 008 |
230417r20192018enka b 001|0|eng d |
| 020 |
|
|
|a 9781408888438 (paperback)
|
| 020 |
|
|
|a 9781408888452 (eBook)
|
| 040 |
|
|
|a BD-DhAAL
|c BD-DhAAL
|
| 082 |
|
|
|a 363.738746
|2 23
|
| 100 |
|
|
|a Robinson, Mary,
|d 1944-
|e author.
|9 54080
|
| 245 |
|
|
|a Climate justice :
|b a man-made problem with a feminist solution /
|c Mary Robinson with Caitríona Palmer.
|
| 260 |
|
|
|a London :
|b Bloomsbury,
|c 2019.
|
| 300 |
|
|
|a xiv, 162 pages :
|b illustrations (black and white) ;
|c 20 cm.
|
| 500 |
|
|
|a Originally published: 2018.
|
| 504 |
|
|
|a Includes bibliographical references and index.
|
| 526 |
|
|
|a Refugee Studies Unit (RSU), CPJ
|
| 541 |
|
|
|a Book Finder International
|e 41044
|
| 650 |
|
|
|a Climate change mitigation.
|9 3950
|
| 650 |
|
|
|a Climatic changes
|x Government policy.
|
| 650 |
|
|
|a Human security.
|
| 852 |
|
|
|a Ayesha Abed Library
|
| 942 |
|
|
|2 ddc
|c BK
|
| 999 |
|
|
|c 45153
|d 45153
|
| 952 |
|
|
|0 0
|1 0
|2 ddc
|4 0
|6 363_738746000000000_ROB
|7 0
|9 73483
|a CPJ
|b CPJ
|c RSU
|d 2023-03-30
|e Book Finder International
|g 1482.95
|l 0
|o 363.738746 ROB
|p 3030041044
|r 2023-03-30
|t 1
|v 1482.95
|w 2023-03-30
|y BK
|